00316nam a2200133Ia 45000030006000000080041000060400015000471000016000622450029000782600040001073000006001475460012001530050017001650STCL150530s9999 xx 000 0 und d aSTCLcSTCL aAdib Maleka aBharath Bhooshan Agrawal bRishabcharan Jain and Santatic1986 a0 aEnglish20220125171310.0